000
00200 a2200097 4500
001
59181
100
_a
245
_a
Jungle book
260
_a
London
_b
MDSBooks/Mediasat
_c
2003
090
_c
36280
_d
36280
942
_a
NUST-CAE
_c
_c
29203
999
_c
294254
_d
294254